Effectif Allemagne Euro 2024 - Statistiques

Statistiques générales
  • Ce quiz a été pris 242 fois
    155 depuis la dernière actualisation
  • Le résultat moyen est 17 sur 27
Statistiques - réponses
POSTE CLUB NUMERO JOUEUR % Correct
G Bayern Munich 1 Manuel Neuer
100%
DEF Real Madrid 2 Antonio Rüdiger
95%
G FC Barcelone 22 Marc-André ter Stegen
95%
MIL Bayern Munich 10 Jamal Musiala
91%
MIL Bayer Leverkusen 17 Florian Wirtz
89%
MIL Real Madrid 8 Toni Kroos
89%
ATT Arsenal 7 Kai Havertz
88%
MIL Bayern Munich 6 Joshua Kimmich
86%
MIL FC Barcelone 21 Ilkay Gündogan
85%
DEF Bayer Leverkusen 4 Jonathan Tah
80%
ATT Bayern Munich 19 Leroy Sané
77%
ATT Borussia Dortmund 9 Niclas Füllkrug
73%
ATT Bayern Munich 13 Thomas Müller
73%
DEF Borussia Dortmund 15 Nico Schlotterbeck
63%
COACH - - Julian Nagelsmann
61%
MIL Brighton 5 Pascal Groß
59%
MIL Bayer Leverkusen 23 Robert Andrich
58%
MIL Borussia Dortmund 25 Emre Can
55%
DEF RB Leipzig 3 David Raum
54%
ATT VfB Stuttgart 26 Deniz Undav
48%
G TSG Hoffenheim 12 Oliver Baumann
45%
DEF VfB Stuttgart 18 Maximilian Mittelstädt
40%
DEF RB Leipzig 20 Benjamin Henrichs
34%
DEF VfB Stuttgart 16 Waldemar Anton
31%
ATT TSG Hoffenheim 14 Maximilian Beier
26%
DEF Eintracht Francfort 24 Robin Koch
17%
ATT VfB Stuttgart 11 Chris Führich
16%
Aucun quiz correspondant
Distribution des résultats
% des personnes avec chaque résultat
Percentile par nombre de réponses
Votre historique - résultats
Vous n’avez pas pris ce quiz depuis la dernière actualisation